Central Library OPAC University of Rajshahi

Social principles and the democratic state / (Record no. 33272)

MARC details
000 -LEADER
fixed length control field 00879nam a2200289 a 4500
001 - CONTROL NUMBER
control field 33272
003 - CONTROL NUMBER IDENTIFIER
rucl marc code BD-RjUL
005 - DATE AND TIME OF LATEST TRANSACTION
control field 20211209051957.0
008 - FIXED-LENGTH DATA ELEMENTS--GENERAL INFORMATION
fixed length control field 140507r19661959enk b 001 0 eng d
035 ## - SYSTEM CONTROL NUMBER
System control number (BD-RjUL)33363
040 ## - CATALOGING SOURCE
Original cataloging agency VCAV
Language of cataloging eng
Transcribing agency VCAV
Modifying agency ABN:1
-- BD-RjUL
041 ## - LANGUAGE CODE
Language code of text/sound track or separate title eng
082 04 - DEWEY DECIMAL CLASSIFICATION NUMBER
Classification number 321.8
Edition number 19
Author mark and year BES 1959
Classification number 321.8
Author mark and year BES 1966
100 1# - MAIN ENTRY--PERSONAL NAME
Personal name Benn, S. I.
Fuller form of name (Stanley I.)
9 (RLIN) 101033
245 10 - TITLE STATEMENT
Title Social principles and the democratic state /
Statement of responsibility, etc. S.I. Benn, R.S. Peters.
260 ## - PUBLICATION, DISTRIBUTION, ETC. (IMPRINT)
Place of publication, distribution, etc. London :
Name of publisher, distributor, etc. Allen & Unwin,
Date of publication, distribution, etc. 1959 [Reprinted 1966]
300 ## - PHYSICAL DESCRIPTION
Pagination 403 p. ;
Size 23 cm.
504 ## - BIBLIOGRAPHY, ETC. NOTE
Bibliography, etc Includes bibliographical references and index.
650 #0 - SUBJECT ADDED ENTRY--TOPICAL TERM
Topical term or geographic name as entry element Democracy.
9 (RLIN) 101034
Topical term or geographic name as entry element Social policy.
9 (RLIN) 101035
700 1# - ADDED ENTRY--PERSONAL NAME
Personal name Peters, R. S.
Fuller form of name (Richard Stanley),
Dates associated with a name 1919-
942 ## - ADDED ENTRY ELEMENTS (KOHA)
Source of classification or shelving scheme Dewey Decimal Classification
Koha item type Books
Holdings
Lost status Source of classification or shelving scheme Damaged status Not for loan Collection code Permanent Location Current Location Shelving location Date acquired Source of acquisition Cost, normal purchase price Total Checkouts Full call number Date last seen Copy number Koha item type
  Dewey Decimal Classification     Non-fiction Central Library, University of Rajshahi Central Library, University of Rajshahi   31/10/1967 sweets & zettinger 35.00   321.8 BES 1966 07/05/2014 C-10 Books
  Dewey Decimal Classification     Non-fiction Central Library, University of Rajshahi Central Library, University of Rajshahi   31/10/1967 sweets & zettinger 35.00   321.8 BES 1966 07/05/2014 C-6 Books
  Dewey Decimal Classification     Non-fiction Central Library, University of Rajshahi Central Library, University of Rajshahi   31/10/1967 sweets & zettinger 35.00   321.8 BES 1966 07/05/2014 C-5 Books
  Dewey Decimal Classification     Non-fiction Central Library, University of Rajshahi Central Library, University of Rajshahi   31/10/1967 sweets & zettinger 35.00   321.8 BES 1966 07/05/2014 C-9 Books
  Dewey Decimal Classification     Non-fiction Central Library, University of Rajshahi Central Library, University of Rajshahi   22/01/1986 Topon and Co. 13.00   321.8 BES 1980 07/05/2014 C-8 Books
  Dewey Decimal Classification     Non-fiction Central Library, University of Rajshahi Central Library, University of Rajshahi   22/01/1986 Topon and Co. 13.00   321.8 BES 1980 07/05/2014 C-7 Books
  Dewey Decimal Classification     Non-fiction Central Library, University of Rajshahi Central Library, University of Rajshahi   22/01/1986 Topon and Co. 13.00   321.8 BES 1980 07/05/2014 C-4 Books
  Dewey Decimal Classification     Non-fiction Central Library, University of Rajshahi Central Library, University of Rajshahi     Sweets & Zaitlinger 35.00   321.8 BES 1966 07/05/2014 C-3 Books
  Dewey Decimal Classification     Non-fiction Central Library, University of Rajshahi Central Library, University of Rajshahi   28/02/1967 brother books 28.35   321.8 BES 1966 07/05/2014 C-2 Books
  Dewey Decimal Classification   Not For Loan Non-fiction Central Library, University of Rajshahi Central Library, University of Rajshahi Reading Room 31/10/1967 Sweets & Zeitlinger 35.00   321.8 BES 1966 08/05/2014 C-1 Books